|
|
|
|
| LEADER |
00000cam a22000004a 4500 |
| 001 |
musev2_67764 |
| 003 |
MdBmJHUP |
| 005 |
20230905050954.0 |
| 006 |
m o d |
| 007 |
cr||||||||nn|n |
| 008 |
190903s2019 cc o 00 0 eng d |
| 020 |
|
|
|a 9789882204294
|
| 020 |
|
|
|z 9789888455874
|
| 035 |
|
|
|a (OCoLC)1113866494
|
| 040 |
|
|
|a MdBmJHUP
|c MdBmJHUP
|
| 043 |
|
|
|a ae-----
|
| 050 |
|
4 |
|a N72.P6
|b B493 2019
|
| 245 |
0 |
0 |
|a Beyond Imperial Aesthetics :
|b Theories of Art and Politics in East Asia /
|c edited by Mayumo Inoue and Steve Choe.
|
| 264 |
|
1 |
|a Baltimore, Maryland :
|b Project Muse,
|c 2019
|
| 264 |
|
3 |
|a Baltimore, Md. :
|b Project MUSE,
|c 2019
|
| 264 |
|
4 |
|c ©2019
|
| 300 |
|
|
|a 1 online resource (308 pages):
|b illustrations, portraits
|
| 336 |
|
|
|a text
|b txt
|2 rdacontent
|
| 337 |
|
|
|a computer
|b c
|2 rdamedia
|
| 338 |
|
|
|a online resource
|b cr
|2 rdacarrier
|
| 500 |
|
|
|a Issued as part of book collections on Project MUSE.
|
| 504 |
|
|
|a Includes bibliographical references and index.
|
| 505 |
0 |
|
|
| 506 |
|
|
|a Access restricted to authorized users and institutions.
|
| 520 |
|
|
|
| 588 |
|
|
|a Description based on print version record.
|
| 650 |
|
0 |
|a Art
|x Political aspects
|z East Asia
|x History
|y 21st century.
|
| 650 |
|
0 |
|a Art
|x Political aspects
|z East Asia
|x History
|y 20th century.
|
| 655 |
|
7 |
|a Electronic books.
|2 local
|
| 700 |
1 |
|
|a Choe, Steve,
|e editor.
|
| 700 |
1 |
|
|a Inoue, Mayumo,
|e editor.
|
| 710 |
2 |
|
|a Project Muse,
|e distributor.
|
| 776 |
1 |
8 |
|i Print version:
|z 9789888455874
|
| 710 |
2 |
|
|a Project Muse.
|e distributor
|
| 830 |
|
0 |
|a Book collections on Project MUSE.
|
| 856 |
4 |
0 |
|z Texto completo
|u https://projectmuse.uam.elogim.com/book/67764/
|
| 945 |
|
|
|a Project MUSE - Custom Collection
|
| 945 |
|
|
|a Project MUSE - 2019 Complete
|
| 945 |
|
|
|a Project MUSE - 2019 Film, Theater and Performing Arts
|
| 945 |
|
|
|a Project MUSE - 2019 Asian and Pacific Studies
|